| 000 | 00000nas 2200000za 4500 |
| 001 | 9.864415 |
| 003 | CaOODSP |
| 005 | 20221107161532 |
| 007 | cr ||||||||||| |
| 008 | 181105d19701982oncar p oss f000#b0eng|d |
| 022 | # |y0318-7128 |
| 040 | |aCaOODSP|beng |
| 041 | |aeng|afre |
| 043 | |an-cn--- |
| 086 | 1 |aCS35-204-PDF |
| 245 | 00|aSawmills and planing mills and shingle mills |h[electronic resource] = |bScieries et ateliers de rabotage et usines de bardeaux. |
| 246 | 11|aScieries et ateliers de rabotage et usines de bardeaux |
| 260 | |aOttawa : |bStatistics Canada, Manufacturing and Primary Industries Division = Statistique Canada, Division des industries manufacturières et primaires, |c1972-1984. |
| 300 | |a13 v. |
| 310 | |aAnnual |
| 362 | 0 |a1970-1982. |
| 490 | 0 |aAnnual census of manufactures = Recensement annuel des manufactures |
| 500 | |aDigitized edition from print [produced by Statistics Canada] |
| 546 | |aText in English and French. |
| 550 | |aIssued 1979-1982 by Machinery, Wood and Metal Products Section. |
| 580 | |aContinues: Sawmills and planing mills. |
| 580 | |aContinued by: Sawmill, planing mill and shingle mill products industries. |
| 692 | 07|2gccst|aLumber industry |
| 710 | 1 |aCanada. |bStatistics Canada. |bMachinery, Wood and Metal Products Section. |
| 710 | 1 |aCanada. |bStatistics Canada. |bManufacturing and Primary Industries Division. |
| 780 | 00|tSawmills and planing mills |w(CaOODSP)9.864403 |
| 785 | 00|tSawmill, planing mill and shingle mill products industries |w(CaOODSP)9.864424 |
| 792 | |tSawmills and planing mills and shingle mills |efre|w(CaOODSP)9.864418 |